000 00229nam a2200097Ia 4500
001 644929
005 20250826153614.0
008 250824s9999 xx 000 0 und d
245 0 _aSudaki Mucize
_cHoward Murad, Dr.
260 _bALTIN
999 _c644929
_d644929